[Event "Wch U10"]
[White "Ivanovic, Leonid"]
[Black "Todmunkh, Turbat"]
[Site "Montesilvano"]
[Round "10"]
[Result "0-1"]
[Date "2024.11.25"]
[WhiteElo "1990"]
[BlackElo "1773"]
[PlyCount "70"]
[EventDate "2024.11.15"]
[EventType "swiss"]
[EventRounds "11"]
[EventCountry "ITA"]
[SourceTitle "CB48_2024"]
[SourceDate "2024.11.28"]
[SourceVersion "1"]
[SourceVersionDate "2024.11.28"]
[SourceQuality "1"]

1. d4 Nf6 2. c4 c5 3. d5 b5 4. cxb5 a6 5. b6 e6 6. Nc3 Bb7 7. e4 exd5 8. exd5 d6 9. Bc4 Be7 10. a4 Qxb6 11. a5 Qd8 12. Nge2 0-0 13. 0-0 Nbd7 14. Ng3 Re8 15. b3 Bf8 16. f4 Qc7 17. Bb2 Rab8 18. Qd3 Ra8 19. Nce4 Nxe4 20. Nxe4 h6 21. Rfe1 Re7 22. Re2 Rae8 23. Ng3 Rxe2 24. Nxe2 Be7 25. Bxa6 Bxa6 26. Qxa6 Bf6 27. Bxf6 Nxf6 28. Nc3 Re3 29. Qc4 Qe7 30. Kf1 Ng4 31. Ne2 Qh4 32. Ng3 Qxh2 33. a6 Qxg3 34. Qc2 Qh2 35. a7 Qh1# 0-1

[Event "Wch U10"]
[White "Ivanovic, Leonid"]
[Black "Makhsatuly, Rakhim"]
[Site "Montesilvano"]
[Round "8"]
[Result "1/2-1/2"]
[Date "2024.11.23"]
[WhiteElo "1990"]
[BlackElo "1683"]
[PlyCount "128"]
[EventDate "2024.11.15"]
[EventType "swiss"]
[EventRounds "11"]
[EventCountry "ITA"]
[SourceTitle "CB48_2024"]
[SourceDate "2024.11.28"]
[SourceVersion "1"]
[SourceVersionDate "2024.11.28"]
[SourceQuality "1"]

1. d4 Nf6 2. c4 g6 3. Nc3 Bg7 4. e4 d6 5. Be2 0-0 6. Bg5 Nbd7 7. Qd2 c5 8. d5 Qa5 9. Nf3 a6 10. 0-0 Rb8 11. a4 Qc7 12. Bh6 Re8 13. Bxg7 Kxg7 14. Qf4 h6 15. Rad1 e6 16. dxe6 Rxe6 17. h3 Qc6 18. Bd3 Ne5 19. Nxe5 dxe5 20. Qe3 b6 21. Bc2 Bb7 22. Nd5 Ree8 23. f4 Ng8 24. f5 Rbd8 25. h4 Rd6 26. Qf3 Rf8 27. h5 g5 28. f6+ Kh8 29. Qc3 Re6 30. Rf5 Rfe8 31. Rdf1 Qd6 32. Qf3 b5 33. axb5 axb5 34. cxb5 Bxd5 35. exd5 e4 36. Qb3 Re5 37. Rxe5 Qxe5 38. d6 Qd4+ 39. Kh1 c4 40. Qc3 Qxd6 41. Qxc4 Qe6 42. Qxe6 Rxe6 43. Bb3 Rb6 44. Bxf7 Nxf6 45. Kg1 Kg7 46. Bc4 Nxh5 47. Rf7+ Kg6 48. Rc7 Kf6 49. Rc6+ Rxc6 50. bxc6 Ke7 51. b4 Kd6 52. b5 e3 53. Kf1 Ng3+ 54. Ke1 h5 55. Bd5 Kc7 56. Kd1 g4 57. Kc2 h4 58. Be6 h3 59. gxh3 gxh3 60. Bxh3 e2 61. Kd2 Ne4+ 62. Ke1 Nc3 63. Bg4 Nxb5 64. Kxe2 Kxc6 1/2-1/2

[Event "EU-ch U10"]
[White "Ivanovic, Leonid"]
[Black "Zhang, Yiming1"]
[Site "Prague"]
[Round "7"]
[Result "1-0"]
[Date "2024.08.29"]
[WhiteElo "2006"]
[BlackElo "1810"]
[PlyCount "111"]
[EventDate "2024.08.22"]
[EventType "swiss"]
[EventRounds "9"]
[EventCountry "CZE"]
[SourceTitle "CBM 221 Extra"]
[Source "ChessBase"]
[SourceDate "2024.09.30"]
[SourceVersion "1"]
[SourceVersionDate "2024.09.30"]
[SourceQuality "1"]

1. d4 Nf6 2. c4 e6 3. Nf3 d5 4. Nc3 Bb4 5. Bg5 h6 6. Bxf6 Qxf6 7. a3 Bxc3+ 8. bxc3 0-0 9. e3 c5 10. cxd5 exd5 11. Be2 Nc6 12. 0-0 cxd4 13. cxd4 b6 14. Rc1 Bb7 15. Qa4 Rac8 16. Rc2 Rc7 17. Rfc1 Rfc8 18. Ne5 a6 19. Bxa6 Ra8 20. Rxc6 Rxc6 21. Rxc6 Bxc6 22. Nxc6 Rxa6 23. Qxa6 Qxc6 24. g3 Kf8 25. a4 Qe6 26. Qa8+ Ke7 27. Qb7+ Kf6 28. Qc7 Kg6 29. Kf1 Kh7 30. Ke1 g6 31. h4 h5 32. Kd2 Kg8 33. Kc3 Qf5 34. Qxb6 Qxf2 35. Qb8+ Kh7 36. Qf4 Qe1+ 37. Kb3 Qb1+ 38. Ka3 Kg8 39. Qd6 Qc1+ 40. Kb4 Qxe3 41. Qd8+ Kg7 42. Qxd5 Qxg3 43. a5 Qe1+ 44. Kb5 Qb1+ 45. Ka6 Qd3+ 46. Ka7 f5 47. a6 Kh7 48. Kb7 Qb1+ 49. Kc8 Qa1 50. Qb7+ Kh6 51. a7 Qc3+ 52. Kb8 Qg3+ 53. Kc8 Qc3+ 54. Qc7 Qa3 55. Qc5 Qf3 56. d5 1-0

[Event "Belgrade Serbia op"]
[White "Ivanovic, Leonid"]
[Black "Doraszelski, Alexander"]
[Site "Belgrade"]
[Round "5"]
[Result "0-1"]
[Date "2024.07.16"]
[WhiteElo "2078"]
[BlackElo "2250"]
[PlyCount "128"]
[EventDate "2024.07.12"]
[EventType "swiss"]
[EventRounds "9"]
[EventCountry "SRB"]
[SourceTitle "CBM 221 Extra"]
[Source "ChessBase"]
[SourceDate "2024.09.30"]
[SourceVersion "1"]
[SourceVersionDate "2024.09.30"]
[SourceQuality "1"]

1. d4 d5 2. c4 e6 3. Nc3 a6 4. e4 dxe4 5. Nxe4 Bb4+ 6. Nc3 Nf6 7. a3 Be7 8. Nf3 0-0 9. Be2 Nbd7 10. 0-0 c5 11. dxc5 Nxc5 12. Qc2 b6 13. b4 Ncd7 14. Bf4 Bb7 15. h3 Qc8 16. Rfd1 Rd8 17. Rac1 Nf8 18. Na4 Rxd1+ 19. Qxd1 N8d7 20. c5 bxc5 21. Bd6 Bxd6 22. Qxd6 Ne4 23. Qe7 Qc6 24. Nxc5 Ndxc5 25. bxc5 Re8 26. Qh4 Qd5 27. Qf4 Nxc5 28. Bc4 Qe4 29. Qxe4 Nxe4 30. Rd1 Kf8 31. Rd7 Nc5 32. Rd4 Ke7 33. Ne5 f6 34. Nd3 Rc8 35. Nxc5 Rxc5 36. Bd3 f5 37. Rb4 Bc8 38. a4 a5 39. Rb3 e5 40. f3 g6 41. Kf2 Kd6 42. Ke3 Kc7 43. Bb5 Be6 44. Rb2 Kd6 45. Kd3 Bd5 46. Rd2 Rc1 47. Ba6 Ra1 48. Bb5 Ra2 49. Rxa2 Bxa2 50. Kd2 Bd5 51. Be2 Bc6 52. Bd1 f4 53. Kd3 Bd5 54. Bc2 Ke6 55. Kc3 Kf6 56. h4 h5 57. Bd3 g5 58. hxg5+ Kxg5 59. Be4 Bxe4 60. fxe4 f3 61. gxf3 h4 62. Kd2 h3 63. Ke2 h2 64. Kf2 h1Q 0-1

[Event "Belgrade Serbia op"]
[White "Sahin, Sarp"]
[Black "Ivanovic, Leonid"]
[Site "Belgrade"]
[Round "4"]
[Result "1/2-1/2"]
[Date "2024.07.15"]
[WhiteElo "2187"]
[BlackElo "2078"]
[PlyCount "156"]
[EventDate "2024.07.12"]
[EventType "swiss"]
[EventRounds "9"]
[EventCountry "SRB"]
[SourceTitle "CBM 221 Extra"]
[Source "ChessBase"]
[SourceDate "2024.09.30"]
[SourceVersion "1"]
[SourceVersionDate "2024.09.30"]
[SourceQuality "1"]

1. d4 Nf6 2. Bf4 g6 3. e3 Bg7 4. Nf3 0-0 5. h3 d6 6. Be2 Nfd7 7. Bh2 e5 8. c3 Nc6 9. Nbd2 f5 10. 0-0 e4 11. Ne1 Nf6 12. Nc2 Ne7 13. c4 g5 14. f3 exf3 15. Nxf3 g4 16. hxg4 fxg4 17. Nd2 Qe8 18. Bd3 Nh5 19. Rxf8+ Bxf8 20. Nf1 Bg7 21. Ng3 Nxg3 22. Bxg3 h5 23. Qe2 Bf5 24. Rf1 Bxd3 25. Qxd3 Qg6 26. Qxg6 Nxg6 27. Rf5 h4 28. Be1 g3 29. c5 dxc5 30. Rxc5 c6 31. Rc3 Re8 32. a4 Ne7 33. Bd2 Nf5 34. Rc5 Nd6 35. Bb4 Bh6 36. Rh5 Bxe3+ 37. Kf1 Nc4 38. b3 a5 39. Be1 Nd2+ 40. Bxd2 Bxd2 41. Rxh4 Rf8+ 42. Kg1 Bf4 43. Rg4+ Kh7 44. Rh4+ Kg6 45. Rg4+ Kf5 46. Rg7 b5 47. Kf1 Re8 48. Rf7+ Ke4 49. Ke2 bxa4 50. bxa4 Re6 51. Ra7 Bd6 52. Rf7 Bf4 53. Ra7 Rf6 54. Re7+ Kd5 55. Kd3 c5 56. Ra7 Rb6 57. Rxa5 Rb3+ 58. Ke2 Bd6 59. dxc5 Bxc5 60. Rb5 Kc4 61. Rxb3 Kxb3 62. Ne3 Kxa4 63. Nf5 Kb5 64. Nxg3 Kc6 65. Kf3 Kd5 66. Kg4 Ke6 67. Kh5 Kf7 68. Nf5 Ba3 69. g4 Bc1 70. Ng3 Kg7 71. Ne2 Be3 72. Kh4 Kg6 73. Kg3 Bd2 74. Nd4 Bc3 75. Nf3 Bb2 76. Kf4 Bc1+ 77. Kg3 Bb2 78. Ng5 Bf6 1/2-1/2

[Event "Belgrade Serbia op"]
[White "Ivanovic, Leonid"]
[Black "Yilmaz, Baver"]
[Site "Belgrade"]
[Round "1"]
[Result "0-1"]
[Date "2024.07.12"]
[WhiteElo "2078"]
[BlackElo "2280"]
[PlyCount "76"]
[EventDate "2024.07.12"]
[EventType "swiss"]
[EventRounds "9"]
[EventCountry "SRB"]
[SourceTitle "CBM 221 Extra"]
[Source "ChessBase"]
[SourceDate "2024.09.30"]
[SourceVersion "1"]
[SourceVersionDate "2024.09.30"]
[SourceQuality "1"]

1. Nf3 Nf6 2. g3 g6 3. Bg2 d5 4. 0-0 Bg7 5. d3 0-0 6. Nc3 d4 7. Nb1 c5 8. e4 dxe3 9. fxe3 Nc6 10. e4 Qb6 11. Kh1 c4 12. Na3 cxd3 13. cxd3 Rd8 14. Nc4 Qa6 15. Qe2 Bg4 16. Be3 Rac8 17. h3 Be6 18. Bc5 b6 19. Ba3 b5 20. Nce5 Nxe5 21. Nxe5 Nh5 22. Qe3 Bxe5 23. Rf3 Qb6 24. g4 Qxe3 25. Rxe3 Ng3+ 26. Kg1 Bd4 27. Rae1 Rc1 28. Rxc1 Bxe3+ 29. Kh2 Bxc1 30. Kxg3 Rxd3+ 31. Kf2 Bxb2 32. Bxb2 Rd2+ 33. Kg3 Rxb2 34. e5 Rxa2 35. h4 Re2 36. g5 Rxe5 37. Bh3 Re3+ 38. Kf4 Rxh3 0-1

[Event "Veliko Gradiste Silver Lake op-A"]
[White "Sakotic, Nikola"]
[Black "Ivanovic, Leonid"]
[Site "Veliko Gradiste"]
[Round "5"]
[Result "1/2-1/2"]
[Date "2024.06.26"]
[WhiteElo "1882"]
[BlackElo "2147"]
[PlyCount "99"]
[EventDate "2024.06.23"]
[EventType "swiss"]
[EventRounds "9"]
[EventCountry "SRB"]
[SourceTitle "CBM 220 Extra"]
[Source "ChessBase"]
[SourceDate "2024.07.31"]
[SourceVersion "1"]
[SourceVersionDate "2024.07.31"]
[SourceQuality "1"]

1. Nf3 Nf6 2. c4 g6 3. Nc3 Bg7 4. d4 d5 5. h4 h6 6. Bf4 c5 7. dxc5 Qa5 8. Qa4+ Qxa4 9. Nxa4 dxc4 10. Rc1 Bd7 11. Nc3 Bc6 12. Ne5 Nfd7 13. Nxc6 Nxc6 14. Na4 Nde5 15. Bxe5 Nxe5 16. e3 Nd3+ 17. Bxd3 cxd3 18. Kd2 0-0-0 19. b4 e5 20. Nc3 f5 21. Nb5 Kb8 22. h5 gxh5 23. Nd6 Rhf8 24. Rxh5 f4 25. e4 Rf6 26. Nf5 Rg6 27. Rg1 Bf6 28. f3 Bg5 29. Nd6 Re6 30. Nf7 Rd4 31. a3 Kc7 32. Nxg5 hxg5 33. Rxg5 Kc6 34. Rc1 a5 35. bxa5 Ra4 36. Rc3 Rxa5 37. Rg7 Rxc5 38. Rxc5+ Kxc5 39. Rxb7 Rg6 40. Rd7 Rxg2+ 41. Kxd3 Rf2 42. Rd5+ Kc6 43. Rxe5 Rxf3+ 44. Kd4 Rxa3 45. Rf5 f3 46. e5 Ra4+ 47. Ke3 Ra3+ 48. Kf2 Kd5 49. Rxf3 Ra2+ 50. Kg3 1/2-1/2

[Event "Veliko Gradiste Silver Lake op-A"]
[White "Ivanovic, Leonid"]
[Black "Khuslen, Erdenebayar"]
[Site "Veliko Gradiste"]
[Round "4"]
[Result "0-1"]
[Date "2024.06.25"]
[WhiteElo "2147"]
[BlackElo "2004"]
[PlyCount "76"]
[EventDate "2024.06.23"]
[EventType "swiss"]
[EventRounds "9"]
[EventCountry "SRB"]
[SourceTitle "CBM 220 Extra"]
[Source "ChessBase"]
[SourceDate "2024.07.31"]
[SourceVersion "1"]
[SourceVersionDate "2024.07.31"]
[SourceQuality "1"]

1. Nf3 Nf6 2. g3 b6 3. Bg2 Bb7 4. c4 c5 5. 0-0 e6 6. Nc3 a6 7. Rb1 Be7 8. a3 Qc7 9. d3 0-0 10. Bf4 d6 11. Qd2 Nbd7 12. b4 Rac8 13. Rfc1 h6 14. e4 Rfe8 15. h3 Bf8 16. g4 g5 17. Bg3 Ne5 18. bxc5 bxc5 19. Nxe5 dxe5 20. Qb2 Bc6 21. Nb5 Qb6 22. Qxe5 Nd7 23. Nc7 Qa7 24. Nxe8 Nxe5 25. Nf6+ Kh8 26. Bxe5 Bg7 27. f4 gxf4 28. h4 Bxf6 29. Bxf6+ Kh7 30. Rb3 Qd7 31. Rcb1 e5 32. Bf3 Qd4+ 33. Kg2 Bd7 34. g5 hxg5 35. hxg5 Bh3+ 36. Kxh3 Qf2 37. Kg4 Kg6 38. Bxe5 Qg3# 0-1

[Event "Veliko Gradiste Silver Lake op-A"]
[White "Bojanic, Denis"]
[Black "Ivanovic, Leonid"]
[Site "Veliko Gradiste"]
[Round "3"]
[Result "0-1"]
[Date "2024.06.24"]
[WhiteElo "2026"]
[BlackElo "2147"]
[PlyCount "86"]
[EventDate "2024.06.23"]
[EventType "swiss"]
[EventRounds "9"]
[EventCountry "SRB"]
[SourceTitle "CBM 220 Extra"]
[Source "ChessBase"]
[SourceDate "2024.07.31"]
[SourceVersion "1"]
[SourceVersionDate "2024.07.31"]
[SourceQuality "1"]

1. e4 c5 2. c3 g6 3. d4 cxd4 4. Qxd4 Nf6 5. f4 Nc6 6. Qd3 d6 7. Nf3 Bg7 8. Be2 0-0 9. 0-0 Ng4 10. Na3 Qb6+ 11. Kh1 Be6 12. Nb5 Rac8 13. Nfd4 Nxd4 14. Nxd4 Bc4 15. Qf3 Nf6 16. Rf2 e5 17. fxe5 dxe5 18. Bxc4 Rxc4 19. Bg5 Nxe4 20. Qxe4 exd4 21. Raf1 Qb5 22. Qe7 Rc5 23. a4 Qc4 24. cxd4 Bxd4 25. Bh6 Bg7 26. Bxg7 Kxg7 27. Qxb7 Rc7 28. Qf3 Qxa4 29. Qf6+ Kg8 30. Rf4 Qc6 31. Qxc6 Rxc6 32. Ra4 a6 33. Rfa1 Re8 34. h3 Rc2 35. b4 Ree2 36. Rg1 Rb2 37. Rxa6 Rxb4 38. Rf6 Rbb2 39. Kh2 h5 40. Kg3 h4+ 41. Kxh4 Rxg2 42. Rxg2 Rxg2 43. Rf4 g5+ 0-1